Normal view MARC view

Entry Personal Name

Number of records used in: 1

001 - CONTROL NUMBER

  • control field: 305944

003 - CONTROL NUMBER IDENTIFIER

  • control field: DLC

005 - DATE AND TIME OF LATEST TRANSACTION

  • control field: 20230323145752.0

008 - FIXED-LENGTH DATA ELEMENTS

  • fixed length control field: 101001n| azannabbn |n aaa

010 ## - LIBRARY OF CONGRESS CONTROL NUMBER

  • LC control number: n 2010065645

040 ## - CATALOGING SOURCE

  • Original cataloging agency: DLC
  • Language of cataloging: eng
  • Transcribing agency: DLC
  • Modifying agency: MY-SjTCS
  • Description conventions: rda

100 1# - HEADING--PERSONAL NAME

  • Personal name: Taimre, Thomas,
  • Dates associated with a name: 1983-

374 ## - OCCUPATION

  • Occupation: College teachers
  • Source of term: lcsh

375 ## - GENDER

  • Gender: male

377 ## - ASSOCIATED LANGUAGE

  • Language code: eng

670 ## - SOURCE DATA FOUND

  • Source citation: Kroese, Dirk P. Handbook for Monte Carlo methods, 2011:
  • Information found: eCIP t.p. (Thomas Taimre, Univ. of Queensland, Dept. of Mathematics, Brisbane, Australia) data view (b. Mar. 23, 1983)